Statistics for Most common Italian words (4/4)

Click here to take the quiz!

General Stats

  • This quiz has been taken 35 times
  • The average score is 137 of 485

Answer Stats

ItalianoEnglish% Correct
giornata | giornoday
96%
uomoman
96%
annoyear
96%
vitalife
88%
partepart
88%
donnawoman
88%
manohand
85%
tempo | voltatime
85%
occhioeye
81%
padrefather
81%
mammamom
81%
soleSun
81%
casahome
77%
amicofriend
73%
amorelove
73%
nomename
73%
domanda | questionequestion
73%
animaleanimal
69%
cittàcity
69%
seraevening
69%
famigliafamily
69%
attimo | momentomoment
69%
madremother
69%
sorellasister
69%
acquawater
69%
canedog
65%
nottenight
65%
maresea
65%
stellastar
65%
lavorowork
65%
attoact
62%
ragazzoboy
62%
paesecountry, town
62%
memoria | ricordomemory
62%
operaOpera
62%
gente | popolopeople
62%
personaperson
62%
poliziapolice
62%
cosathing
62%
piedefoot
58%
naturanature
58%
festa | partitoparty
58%
strada | viastreet
58%
vinowine
58%
parolaword
58%
mondoworld
58%
ragazzagirl
54%
ideaidea
54%
lucelight
54%
oranow
54%
scienzascience
54%
attenzioneattention
50%
ziaaunt
50%
librobook
50%
fratellobrother
50%
direzionedirection
50%
portadoor
50%
capo | testahead
50%
mesemonth
50%
movimentomovement
50%
periodoperiod
50%
problemaproblem
50%
prodottoproduct
50%
salaroom, hall
50%
scuolaschool
50%
figlioson
50%
sudsouth
50%
ziouncle
50%
braccioarm
46%
arteart
46%
automobilecar
46%
centrocenter
46%
bambina | bambinochild
46%
esameexam
46%
fuocofire
46%
fioreflower
46%
carnemeat
46%
lattemilk
46%
minutominute
46%
lunamoon
46%
boccamouth
46%
numeronumber
46%
ufficiooffice
46%
passionepassion
46%
puntopoint
46%
regioneregion
46%
soluzionesolution
46%
tavola | tavolotable
46%
guerrawar
46%
gattocat
42%
causacause
42%
comunicazionecommunication
42%
controllocontrol
42%
dottore | medicodoctor
42%
effettoeffect
42%
esperienzaexperience
42%
faccia | viso | voltoface
42%
figurafigure
42%
giardinogarden
42%
gruppogroup
42%
storiahistory
42%
impressioneimpression
42%
mattina | mattinomorning
42%
signoreMr.
42%
musicamusic
42%
luogo | postoplace
42%
posizioneposition
42%
prezzoprice
42%
programmaprogram
42%
camera | stanzaroom
42%
piazzasquare
42%
lettobed
38%
panebread
38%
caffècoffee
38%
figliadaughter
38%
differenzadifference
38%
abito | vestitodress
38%
orecchioear
38%
fruttofruit
38%
giocogame
38%
dioGod
38%
governogovernment
38%
isolaisland
38%
animo | mentemind
38%
monteMountain
38%
montagnamountain
38%
nazionenation
38%
origineorigin
38%
restorest
38%
scenascene
38%
sensosense
38%
cielosky
38%
statostate
38%
successosuccess
38%
DomenicaSunday
38%
trenotrain
38%
universitàuniversity
38%
vocevoice
38%
mogliewife
38%
ventowind
38%
autoreauthor
35%
classeclass
35%
condizionecondition
35%
distanzadistance
35%
esempioexample
35%
formaform
35%
libertàfreedom
35%
generalegeneral
35%
capellohair
35%
cuoreheart
35%
cavallohorse
35%
ospedaleHospital
35%
maritohusband
35%
importanzaimportance
35%
industriaindustry
35%
chiavekey
35%
gambaleg
35%
letteraletter
35%
maggioMay
35%
milionemillion
35%
signoraMrs
35%
bisogno | necessitàneed
35%
notizianews
35%
ufficialeofficial
35%
rispettorespect
35%
conseguenza | risultatoresult
35%
situazionesituation
35%
societàsociety
35%
spaziospace
35%
teatrotheater
35%
titolotitle
35%
dentetooth
35%
alberotree
35%
maniera | modoway
35%
commissionecommission
31%
sognodream
31%
funzionefunction
31%
cucinakitchen
31%
denaromoney
31%
operazioneoperation
31%
palazzopalace
31%
passatopast
31%
presidentepresident
31%
provinciaprovince
31%
stazionerailway station
31%
ritornoreturn
31%
servizioservice
31%
inizioStart
31%
professoreteacher
31%
territorioterritory
31%
villavilla
31%
finestrawindow
31%
pomeriggioafternoon
27%
ariaair
27%
chiesachurch
27%
colorecolor
27%
campagnacountryside
27%
decisionedecision
27%
elementoelement
27%
ditofinger
27%
calciofootball
27%
orogold
27%
albergohotel
27%
interesseinterest
27%
chilometrokilometer
27%
leggelaw
27%
limitelimit
27%
macchinamachine
27%
misurameasure
27%
paginapage
27%
poetapoet
27%
possibilitàpossibility
27%
processoprocess
27%
pubblicopublic
27%
studiostudy
27%
muroWall
27%
paretewall
27%
settimanaweek
27%
corpobody
23%
casocase
23%
costruzioneconstruction
23%
destinodestiny
23%
difficoltàdifficulty
23%
fineend
23%
nemicoenemy
23%
fantasiafantasy
23%
erbagrass
23%
guardiaguard
23%
aiutoHelp
23%
speranzahope
23%
istitutoinstitute
23%
lagolake
23%
pranzolunch
23%
ministrominister
23%
filmmovie
23%
giornalenewspaper
23%
oggettoobject
23%
cartapaper
23%
repubblicarepublic
23%
dirittoright
23%
sacrificiosacrifice
23%
speciespecies
23%
spiritospirit
23%
sistemasystem
23%
gustotaste
23%
azioneaction
19%
attoreactor
19%
sangueblood
19%
pontebridge
19%
compagniacompany
19%
culturaculture
19%
pericolodanger
19%
mortedeath
19%
dubbiodoubt
19%
eccellenzaexcellence
19%
favorefavor
19%
paurafear
19%
frontefront
19%
metà | mezzohalf
19%
collinahill
19%
intenzioneintention
19%
ferroiron
19%
regnokingdom
19%
linealine
19%
fortunaluck
19%
colloneck
19%
nordnorth
19%
opinioneopinion
19%
presenzapresence
19%
principioprinciple
19%
realtàreality
19%
rapportorelationship
19%
relazionereport
19%
ricercaResearch
19%
naveship
19%
spettacoloshow
19%
segnosign
19%
silenziosilence
19%
sorrisosmile
19%
soldatosoldier
19%
estatesummer
19%
linguatongue
19%
benewell
19%
scrittorewriter
19%
zonaarea
15%
articoloarticle
15%
carattere | personaggiocharacter
15%
coscienzaconsciousness
15%
fattodone
15%
sentimentofeeling
15%
campofield
15%
gioiajoy
15%
giugnoJune
15%
pacepeace
15%
frasephrase
15%
pezzopiece
15%
produzioneproduction
15%
qualitàquality
15%
motivo | ragionereason
15%
rivoluzioneRevolution
15%
fiumeriver
15%
odoresmell
15%
animasoul
15%
termineterm
15%
provatest
15%
puntatip
15%
veritàtruth
15%
usouse
15%
vistaview
15%
visitavisit
15%
invernowinter
15%
etàage
12%
angoloangle
12%
autoritàauthority
12%
bagnobathroom
12%
battagliabattle
12%
bestiabeast
12%
secolocentury
12%
congressocongress
12%
contattocontact
12%
crisicrisis
12%
malattiadisease
12%
dovereduty
12%
erroreerror
12%
espressioneexpression
12%
colpafault
12%
graziagrace
12%
famehunger
12%
immagineimage
12%
giustiziajustice
12%
avvocatolawyer
12%
foglialeaf
12%
sguardolook
12%
mercatomarket
12%
matrimoniomarriage
12%
maestro | padronemaster
12%
materiamatter
12%
ordineorder
12%
popolazionepopulation
12%
propostaproposal
12%
corsarace
12%
stagioneseason
12%
segretariosecretary
12%
pensierothought
12%
viaggiotravel
12%
valleValley
12%
volontàwill
12%
vogliawish
12%
boscowood
12%
esercitoarmy
8%
basebasis
8%
civiltàcivilization
8%
crocecross
8%
correntecurrent
8%
sviluppodevelopment
8%
direttoredirector
8%
ambienteenvironment
8%
epocaera
8%
gestogesture
8%
terrenoground
8%
onorehonor
8%
frettahurry
8%
istanteinstant
8%
generekind
8%
massa | messamass
8%
metrometer
8%
occasioneopportunity
8%
fenomenophenomenon
8%
pietàpity
8%
poesiapoetry
8%
portoport
8%
energia | forza | potenza | poterepower
8%
principeprince
8%
serieseries
8%
ombrashadow
8%
fianco | latoside
8%
pelleskin
8%
discorsospeech
8%
passostep
8%
pietraStone
8%
attesawaiting
8%
armaweapon
8%
operaioworker
8%
attivitàactivities
4%
consiglioAdvice
4%
bellezzabeauty
4%
commerciobusiness
4%
coraggiocourage
4%
corsocourse
4%
cortilecourtyard
4%
mestierecraft
4%
follacrowd
4%
affaredeal
4%
difesadefence
4%
desideriodesire
4%
sforzoeffort
4%
fabbricafactory
4%
patriahomeland
4%
giudiziojudgement
4%
conoscenzaknowledge
4%
labbrolip
4%
pratomeadow
4%
meritomerit
4%
quadropainting
4%
pianoplan
4%
politicapolicy
4%
papàPope
4%
stampapress
4%
penapunishment
4%
proposito | scopopurpose
4%
sicurezzasafety
4%
spallashoulder
4%
sonnosleep
4%
tonotone
4%
strumentotool
4%
valorevalue
4%
pesoweight
4%
doloreache
0%
aspettoappearance
0%
atteggiamentoattitude
0%
fondobackground
0%
contobill
0%
colpoblow
0%
curacare
0%
confrontocomparison
0%
concettoconcept
0%
fiduciaconfidence
0%
gradodegree
0%
spesaexpense
0%
faticafatigue
0%
lottafight
0%
pianuraflat land
0%
seguitofollowing
0%
tipoguy
0%
costait costs
0%
scalaladder
0%
disposizionelayout
0%
compagnopartner
0%
piantaplant
0%
piacerepleasure
0%
rispostareply
0%
giroround
0%
sedeseat
0%
rivashore
0%
trattostretch
0%
robastuff
0%
argomentotopic
0%
ricchezzawealth
0%
fedewedding ring
0%
filowire
0%
signorinayoung lady
0%
giovanottoyoung man
0%

Score Distribution

Percentile by Number Answered

Percent of People with Each Score

Your Score History

You have not taken this quiz